000 00515nam a2200205Ia 4500
008 180207s9999 xx 000 0 und d
020 _a9780439830652
050 _bI371 2006
100 _aInches, Alison
245 4 _aThe backyardigans :
245 _bcastaways! /
245 _cby Alison Inches ; illustrated by Warner McGee.
260 _aNew York :
260 _bScholastic,
260 _c2006
300 _aunpaged :
300 _bchiefly colored ;
300 _c23cm.
440 _aReady-to-read.
999 _c355717
_d355717